000
00303nam a22001337a 4500
008
181102b xxu||||| |||| 00| 0 eng d
020
_a
063059957000259500000000
041
_a
eng
080
_a
610
100
_a
4
101
_a
SHM
245
_a
Arrhythmia Interpretation
_c
Noone, J
942
_2
udc
_c
BK
999
_c
51734
_d
51734